[Event "New York State-ch 134th"]
[Site "Colonie"]
[Date "2012.09.02"]
[Round "3"]
[White "Sturt, Raven M"]
[Black "Talipov, Nafis"]
[Result "1-0"]
[WhiteElo "2268"]
[BlackElo "2161"]
[PlyCount "77"]
[EventDate "2012.08.31"]
[EventType "swiss"]
[EventRounds "6"]
[EventCountry "USA"]
[SourceTitle "CBM 150 Extra"]
[Source "ChessBase"]
[SourceDate "2012.10.19"]
[SourceVersion "1"]
[SourceVersionDate "2012.10.19"]
[SourceQuality "1"]

1. d4 d6 2. Nf3 Nd7 3. c4 e5 4. Nc3 Ngf6 5. e4 Be7 6. Be2 0-0 7. 0-0 c6 8. Rb1 a5 9. Qc2 Qc7 10. Rd1 exd4 11. Nxd4 Nc5 12. f3 Re8 13. Kh1 h6 14. Be3 Bf8 15. Qd2 Bd7 16. b3 Rad8 17. Bg1 Bc8 18. a3 Ne6 19. Nc2 g5 20. Be3 Bg7 21. b4 axb4 22. axb4 Qe7 23. Bb6 Rd7 24. Ne3 Qf8 25. Nf5 Nf4 26. Bf1 Bh8 27. Ra1 Kh7 28. Ra8 Ng6 29. Nxd6 Ng8 30. c5 Be5 31. g3 Bxd6 32. cxd6 Re6 33. Bc7 Re8 34. Na4 Ne5 35. Be2 f5 36. f4 Ng6 37. e5 N8e7 38. Nc5 gxf4 39. gxf4 1-0

[Event "New York State-ch 134th"]
[Site "Colonie"]
[Date "2012.09.02"]
[Round "4"]
[White "Talipov, Nafis"]
[Black "Sheppard, Dore A"]
[Result "1/2-1/2"]
[WhiteElo "2161"]
[BlackElo "2060"]
[PlyCount "39"]
[EventDate "2012.08.31"]
[EventType "swiss"]
[EventRounds "6"]
[EventCountry "USA"]
[SourceTitle "CBM 150 Extra"]
[Source "ChessBase"]
[SourceDate "2012.10.19"]
[SourceVersion "1"]
[SourceVersionDate "2012.10.19"]
[SourceQuality "1"]

1. d4 Nf6 2. Nc3 d5 3. Bg5 Nbd7 4. Nf3 c6 5. Qd3 Qa5 6. Bd2 Qc7 7. e4 dxe4 8. Nxe4 Nxe4 9. Qxe4 Nf6 10. Qh4 Bf5 11. c3 e6 12. Bc4 Ne4 13. Qf4 Bd6 14. Qe3 Nxd2 15. Nxd2 0-0 16. Ne4 Bf4 17. Qf3 Rad8 18. g3 Bh6 19. 0-0 b6 20. Rad1 1/2-1/2

[Event "New York State-ch 134th"]
[Site "Colonie"]
[Date "2012.09.01"]
[Round "1"]
[White "Zhou, Qiyu"]
[Black "Talipov, Nafis"]
[Result "0-1"]
[WhiteElo "1836"]
[BlackElo "2161"]
[PlyCount "94"]
[EventDate "2012.08.31"]
[EventType "swiss"]
[EventRounds "6"]
[EventCountry "USA"]
[SourceTitle "CBM 150 Extra"]
[Source "ChessBase"]
[SourceDate "2012.10.19"]
[SourceVersion "1"]
[SourceVersionDate "2012.10.19"]
[SourceQuality "1"]

1. e4 d6 2. d4 Nd7 3. Nf3 e5 4. Nc3 c6 5. a4 Be7 6. Bc4 Ngf6 7. 0-0 0-0 8. Re1 Qc7 9. b3 Nb6 10. Be2 Bg4 11. Ba3 Rfe8 12. Qd3 Nh5 13. Rad1 Nf4 14. Qe3 Bxf3 15. Qxf3 Ne6 16. dxe5 dxe5 17. Bxe7 Rxe7 18. Rd2 Nd4 19. Qe3 Rd8 20. Bg4 Nd7 21. Red1 Nf6 22. Bh3 Ree8 23. f3 Qa5 24. Kf2 g6 25. Rc1 Kg7 26. Rb1 Qb6 27. Ne2 c5 28. Nxd4 cxd4 29. Qd3 Re7 30. Qb5 Qc7 31. g3 Rd6 32. Bf1 Rc6 33. Rc1 Rc3 34. Bc4 Qd6 35. a5 Rc7 36. Qa4 Nd7 37. Qa1 Qf6 38. Rd3 Nc5 39. Rxc3 Nxe4+ 40. Kg2 Nxc3 41. Re1 b5 42. axb6 axb6 43. Qa8 Qd6 44. Qb8 b5 45. Bd3 f6 46. Rc1 Na2 47. Ra1 Rxc2+ 0-1

[Event "World School-ch U17 8th"]
[Site "Iasi"]
[Date "2012.05.07"]
[Round "9"]
[White "Talipov, Nafis"]
[Black "Masruri, Rahman"]
[Result "0-1"]
[WhiteElo "2160"]
[BlackElo "2081"]
[PlyCount "75"]
[EventDate "2012.04.28"]
[EventType "swiss"]
[EventRounds "9"]
[EventCountry "ROU"]
[SourceTitle "EXT 2013"]
[Source "ChessBase"]
[SourceDate "2012.11.22"]
[SourceVersion "1"]
[SourceVersionDate "2012.11.22"]
[SourceQuality "1"]

1. d4 e6 2. Nf3 Nf6 3. g3 b5 4. Bg2 Bb7 5. 0-0 Be7 6. Bg5 0-0 7. Bxf6 Bxf6 8. Qd3 d5 9. Qxb5 Ba6 10. Qa4 Bxe2 11. Re1 Bxf3 12. Bxf3 Qd7 13. Qxd7 Nxd7 14. c3 c5 15. dxc5 Nxc5 16. Nd2 Rab8 17. Reb1 d4 18. Ne4 Nxe4 19. Bxe4 dxc3 20. bxc3 Bxc3 21. Rxb8 Rxb8 22. Rc1 Bd4 23. Rc2 g6 24. a4 Kg7 25. Rc4 Bb6 26. Kg2 Rd8 27. Rc2 f5 28. Bc6 Kf6 29. Bb5 Rd6 30. h3 h6 31. Ra2 h5 32. Rc2 g5 33. f3 Rd1 34. Be2 Rg1+ 35. Kh2 Re1 36. Bc4 Ke5 37. Re2+ Rxe2+ 38. Bxe2 0-1

[Event "World School-ch U17 8th"]
[Site "Iasi"]
[Date "2012.05.05"]
[Round "8"]
[White "Gandhi, Anish"]
[Black "Talipov, Nafis"]
[Result "0-1"]
[WhiteElo "1924"]
[BlackElo "2160"]
[PlyCount "106"]
[EventDate "2012.04.28"]
[EventType "swiss"]
[EventRounds "9"]
[EventCountry "ROU"]
[SourceTitle "EXT 2013"]
[Source "ChessBase"]
[SourceDate "2012.11.22"]
[SourceVersion "1"]
[SourceVersionDate "2012.11.22"]
[SourceQuality "1"]

1. d4 d6 2. Nf3 Bg4 3. e4 Nd7 4. Nc3 c6 5. h3 Bxf3 6. gxf3 e5 7. Be3 Ngf6 8. Qd2 Qc7 9. 0-0-0 Be7 10. f4 0-0-0 11. Bc4 Rhf8 12. Qe2 Qa5 13. fxe5 dxe5 14. f4 exf4 15. Bxf4 Bb4 16. d5 Bxc3 17. bxc3 cxd5 18. exd5 Qxc3 19. Qd3 Qxd3 20. Bxd3 Nxd5 21. Bd6 Rfe8 22. Bxh7 N5f6 23. Bf5 b6 24. Rhe1 Rxe1 25. Rxe1 Re8 26. Rxe8+ Nxe8 27. Bg3 Kd8 28. Kd2 Ke7 29. Ke3 Nd6 30. Bd3 Nc5 31. Bf2 Ke6 32. Be1 Nxd3 33. Kxd3 Kd5 34. Bf2 Nc4 35. Bd4 f6 36. Bf2 Nb2+ 37. Kd2 Ke4 38. h4 g6 39. Ke2 f5 40. Be1 Nc4 41. Bf2 Ne5 42. a4 Ng4 43. Bg1 f4 44. a5 f3+ 45. Kf1 Ne3+ 46. Ke1 Nxc2+ 47. Kd2 Nd4 48. axb6 axb6 49. Bf2 b5 50. Kc3 Nc6 51. Bg1 Kf4 52. Bf2 Ne5 53. Bg1 Kg3 0-1

[Event "World School-ch U17 8th"]
[Site "Iasi"]
[Date "2012.04.30"]
[Round "3"]
[White "Talipov, Nafis"]
[Black "Igambergenov, Alibek"]
[Result "1-0"]
[WhiteElo "2160"]
[BlackElo "2280"]
[PlyCount "43"]
[EventDate "2012.04.28"]
[EventType "swiss"]
[EventRounds "9"]
[EventCountry "ROU"]
[SourceTitle "EXT 2013"]
[Source "ChessBase"]
[SourceDate "2012.11.22"]
[SourceVersion "1"]
[SourceVersionDate "2012.11.22"]
[SourceQuality "1"]

1. d4 f5 2. e4 fxe4 3. Nc3 Nf6 4. g4 h6 5. f3 d5 6. Bg2 Nc6 7. Bf4 Be6 8. h4 Qd7 9. g5 Nh5 10. Bh2 hxg5 11. fxe4 Bg4 12. Qd3 dxe4 13. d5 0-0-0 14. Qe3 Nb8 15. Nge2 gxh4 16. 0-0-0 g6 17. Qxa7 Bg7 18. Bxe4 Bxc3 19. Nxc3 Bxd1 20. d6 cxd6 21. Nd5 Qc6 22. Nxe7+ 1-0

[Event "World School-ch U17 7th"]
[Site "Krakow"]
[Date "2011.05.02"]
[Round "3"]
[White "Talipov, Nafis"]
[Black "Maksimenko, Andrei Jr"]
[Result "1-0"]
[WhiteElo "2105"]
[BlackElo "1820"]
[PlyCount "47"]
[EventDate "2011.04.30"]
[EventType "swiss"]
[EventRounds "9"]
[EventCountry "POL"]
[SourceTitle "EXT 2012"]
[Source "ChessBase"]
[SourceDate "2011.11.24"]
[SourceVersion "1"]
[SourceVersionDate "2011.11.24"]
[SourceQuality "1"]

1. e4 c5 2. Nc3 a6 3. a4 Nc6 4. g3 e6 5. Bg2 Nge7 6. d3 g6 7. f4 d6 8. Be3 Qb6 9. Rb1 d5 10. Bf2 Qb4 11. e5 Nf5 12. Nge2 d4 13. g4 Ne3 14. Bxe3 dxe3 15. Qc1 Qb3 16. Qxe3 Qxa4 17. Qxc5 Nd4 18. Nxd4 Qd7 19. Ra1 Rb8 20. Qb6 Qe7 21. h3 Qh4+ 22. Kf1 Qd8 23. Ke2 Qxb6 24. Bc6+ 1-0

[Event "World School-ch U17 7th"]
[Site "Krakow"]
[Date "2011.05.01"]
[Round "2"]
[White "Igambergenov, Alibek"]
[Black "Talipov, Nafis"]
[Result "1-0"]
[WhiteElo "2255"]
[BlackElo "2105"]
[PlyCount "47"]
[EventDate "2011.04.30"]
[EventType "swiss"]
[EventRounds "9"]
[EventCountry "POL"]
[SourceTitle "EXT 2012"]
[Source "ChessBase"]
[SourceDate "2011.11.24"]
[SourceVersion "1"]
[SourceVersionDate "2011.11.24"]
[SourceQuality "1"]

1. c4 e5 2. Nc3 d6 3. Nf3 Bg4 4. e3 c6 5. h3 Bxf3 6. Qxf3 Nf6 7. d4 Nbd7 8. Bd3 Qb6 9. d5 Be7 10. 0-0 0-0 11. Qe2 g6 12. e4 Nh5 13. Be3 Qd8 14. Qd2 f5 15. exf5 gxf5 16. Bh6 Qe8 17. Qc2 e4 18. Bxe4 Ne5 19. Bxf5 Nf3+ 20. Kh1 Nd4 21. Rae1 c5 22. Re4 Bd8 23. Rfe1 Bg5 24. Re7 1-0

[Event "Privolzhskogo FO-ch"]
[Site "Togliatti"]
[Date "2011.03.14"]
[Round "5"]
[White "Talipov, Nafis"]
[Black "Tsarukian, Elis"]
[Result "1-0"]
[WhiteElo "2105"]
[BlackElo "2201"]
[PlyCount "89"]
[EventDate "2011.03.10"]
[EventType "swiss"]
[EventRounds "9"]
[EventCountry "RUS"]
[SourceTitle "CBM 141 Extra"]
[Source "ChessBase"]
[SourceDate "2011.05.03"]
[SourceVersion "1"]
[SourceVersionDate "2011.05.03"]
[SourceQuality "1"]

1. e4 g6 2. d4 Bg7 3. Be3 d6 4. c3 Nf6 5. Nd2 0-0 6. Bd3 e5 7. Ngf3 Nc6 8. 0-0 exd4 9. cxd4 h6 10. h3 Qe7 11. a3 Nd8 12. Qc2 c6 13. Rfe1 Ne6 14. Rac1 d5 15. e5 Nh5 16. Bf1 g5 17. Nb3 Nhf4 18. g3 Ng6 19. Bd3 h5 20. Bf5 g4 21. hxg4 hxg4 22. Bxg4 Nxd4 23. Nfxd4 Bxg4 24. f3 Bc8 25. f4 Bg4 26. Bf2 Rac8 27. Nf5 Bxf5 28. Qxf5 b6 29. Rcd1 Qe6 30. Qh5 Ne7 31. Nd4 Qg6 32. Qh3 c5 33. Nb5 Ra8 34. Nd6 Rad8 35. f5 Qh6 36. Qg4 Rxd6 37. exd6 Qxd6 38. Be3 Qf6 39. Rf1 Kh7 40. Bg5 Qe5 41. f6 Bh6 42. fxe7 Rg8 43. Qf5+ Qxf5 44. Rxf5 Bxg5 45. Rxg5 1-0

[Event "Moscow op-E"]
[Site "Moscow"]
[Date "2011.01.31"]
[Round "3.203"]
[White "Volkov, Evgeny"]
[Black "Talipov, Nafis"]
[Result "1/2-1/2"]
[WhiteElo "2225"]
[BlackElo "2074"]
[PlyCount "61"]
[EventDate "2011.01.29"]
[EventType "swiss"]
[EventRounds "9"]
[EventCountry "RUS"]
[SourceTitle "EXT 2022"]
[Source "ChessBase"]
[SourceDate "2021.10.06"]
[SourceVersion "1"]
[SourceVersionDate "2021.10.06"]
[SourceQuality "1"]

1. Nf3 d5 2. g3 Nf6 3. Bg2 Bg4 4. d3 Nbd7 5. Nbd2 e5 6. e4 c6 7. 0-0 Bd6 8. h3 Bxf3 9. Qxf3 0-0 10. Qe2 Qc7 11. Nf3 Rfe8 12. Nh4 Bf8 13. Nf5 Qb6 14. b3 a5 15. a4 Rad8 16. Bg5 h6 17. Bd2 Nc5 18. Rad1 Kh7 19. Qe1 Ra8 20. g4 g6 21. Ng3 Bg7 22. Kh1 Ne6 23. f4 exf4 24. Bxf4 dxe4 25. Nxe4 Nxe4 26. Bxe4 Nxf4 27. Rxf4 Kg8 28. Qf1 Re7 29. Rd2 Bd4 30. Rg2 Qc5 31. h4 1/2-1/2

[Event "Moscow op-E"]
[Site "Moscow"]
[Date "2011.01.29"]
[Round "1"]
[White "Khismatullin, Denis Rimovich"]
[Black "Talipov, Nafis"]
[Result "1-0"]
[WhiteElo "2649"]
[BlackElo "2074"]
[PlyCount "98"]
[EventDate "2011.01.29"]
[EventType "swiss"]
[EventRounds "9"]
[EventCountry "RUS"]
[SourceTitle "CBM 140 Extra"]
[Source "ChessBase"]
[SourceDate "2011.03.01"]
[SourceVersion "1"]
[SourceVersionDate "2011.03.01"]
[SourceQuality "1"]

1. d4 d5 2. c4 e6 3. Nf3 Nf6 4. Nc3 dxc4 5. Bg5 Be7 6. e4 c6 7. Bxc4 b5 8. Bd3 a6 9. e5 Nd5 10. Bxe7 Qxe7 11. Ne4 0-0 12. 0-0 f5 13. exf6 gxf6 14. Rc1 Ra7 15. Re1 Qg7 16. Qd2 Re7 17. Bb1 Kh8 18. Nd6 Bd7 19. Re4 Be8 20. Nxe8 Rfxe8 21. Rh4 f5 22. Ne5 Rc7 23. Re1 Nd7 24. Nd3 e5 25. dxe5 Nxe5 26. Nxe5 Rxe5 27. Rc1 Rce7 28. Bd3 R7e6 29. g3 Qe7 30. Bf1 Re4 31. Rxe4 fxe4 32. Bh3 Rf6 33. Re1 Rd6 34. Bf5 Nf6 35. Qc3 Kg8 36. Qc2 Rd5 37. Qxc6 Kg7 38. Bxe4 Re5 39. f3 Qb4 40. Qc3 Qxc3 41. bxc3 Rc5 42. Re3 Nxe4 43. fxe4 Kf6 44. Kf2 Ke5 45. Ke2 Rc4 46. Kd3 h5 47. Rf3 Ra4 48. Rf5+ Ke6 49. Rxh5 Rxa2 1-0

[Event "World School-ch U15 6th"]
[Site "Kayseri"]
[Date "2010.07.28"]
[Round "7"]
[White "Yuksel, Atilla Koksal"]
[Black "Talipov, Nafis"]
[Result "0-1"]
[WhiteElo "1975"]
[BlackElo "2074"]
[PlyCount "93"]
[EventDate "2010.07.21"]
[EventType "swiss"]
[EventRounds "9"]
[EventCountry "TUR"]
[SourceTitle "CBM 137 Extra"]
[Source "ChessBase"]
[SourceDate "2010.09.01"]
[SourceVersion "1"]
[SourceVersionDate "2010.09.01"]
[SourceQuality "1"]

1. e4 d6 2. d4 Nf6 3. Nc3 c6 4. a4 Qa5 5. Bd2 e5 6. Nd5 Qd8 7. Nxf6+ Qxf6 8. Bc3 Be6 9. g3 Nd7 10. f4 g6 11. Bg2 Bg7 12. dxe5 dxe5 13. Nf3 Qe7 14. Ng5 Bc4 15. b3 Ba6 16. Qd2 0-0 17. 0-0-0 Rfd8 18. Qd6 Qe8 19. Rhe1 Bf8 20. Qd2 Bc5 21. fxe5 Qe7 22. Qf4 Nf8 23. Bh3 h6 24. Nf3 Kh7 25. Bd2 Rxd2 26. Qxd2 b5 27. Qa5 Qb7 28. axb5 Bxb5 29. c4 Bb6 30. Qb4 a5 31. Qd6 Ba6 32. Nd2 a4 33. bxa4 Ba5 34. Qd4 Rd8 35. Qe3 Rb8 36. Qa3 Bb4 37. Qa2 Qe7 38. Re3 Qxe5 39. Rd3 Bc3 40. Nf3 Qa5 41. Bf1 Ne6 42. Rd7 Kg7 43. R1d3 Nc5 44. Qc2 Nxa4 45. Nd2 Rb2 46. Qd1 Qb4 47. Qf3 0-1

[Event "World School-ch U15 6th"]
[Site "Kayseri"]
[Date "2010.07.25"]
[Round "5"]
[White "Koksal, Ege"]
[Black "Talipov, Nafis"]
[Result "1/2-1/2"]
[WhiteElo "1867"]
[BlackElo "2074"]
[PlyCount "38"]
[EventDate "2010.07.21"]
[EventType "swiss"]
[EventRounds "9"]
[EventCountry "TUR"]
[SourceTitle "CBM 137 Extra"]
[Source "ChessBase"]
[SourceDate "2010.09.01"]
[SourceVersion "1"]
[SourceVersionDate "2010.09.01"]
[SourceQuality "1"]

1. d4 f5 2. c4 Nf6 3. Nc3 e6 4. g3 c6 5. Bg2 d5 6. Bf4 Be7 7. Nh3 0-0 8. 0-0 Nbd7 9. f3 dxc4 10. e4 Nb6 11. Be3 Bd7 12. a4 a5 13. Nf4 Rc8 14. Kh1 c5 15. e5 Nfd5 16. Nfxd5 exd5 17. f4 Be6 18. dxc5 Bd7 19. Nxd5 Bxc5 1/2-1/2

[Event "Nezhmetdinov Memorial 32nd"]
[Site "Kazan"]
[Date "2010.06.02"]
[Round "3"]
[White "Talipov, Nafis"]
[Black "Zenzera, Alexey"]
[Result "0-1"]
[WhiteElo "2050"]
[BlackElo "2170"]
[PlyCount "62"]
[EventDate "2010.05.31"]
[EventType "swiss"]
[EventRounds "9"]
[EventCountry "RUS"]
[SourceTitle "CBM 136 Extra"]
[Source "ChessBase"]
[SourceDate "2010.07.02"]
[SourceVersion "2"]
[SourceVersionDate "2010.07.15"]
[SourceQuality "1"]

1. c4 Nf6 2. Nc3 c5 3. g3 e6 4. Bg2 d5 5. cxd5 exd5 6. d4 cxd4 7. Qxd4 Nc6 8. Qa4 d4 9. Nb5 Bb4+ 10. Kf1 0-0 11. Bg5 h6 12. Bxf6 Qxf6 13. Nc7 Rb8 14. Nd5 Qd6 15. Nxb4 Nxb4 16. a3 Nc6 17. Rd1 b5 18. Qc2 Ne5 19. Nf3 d3 20. Qc3 Bg4 21. h3 Rbc8 22. Qe1 Bxf3 23. Bxf3 Rc2 24. Kg2 d2 25. Qf1 Rxb2 26. Be4 Qxa3 27. e3 Qb4 28. Bb1 Rd8 29. Qe2 Qc4 30. Qh5 Qc6+ 31. f3 Nc4 0-1

[Event "Nezhmetdinov Memorial 32nd"]
[Site "Kazan"]
[Date "2010.05.31"]
[Round "1"]
[White "Talipov, Nafis"]
[Black "Isajevsky, Anton"]
[Result "0-1"]
[WhiteElo "2050"]
[BlackElo "2424"]
[PlyCount "42"]
[EventDate "2010.05.31"]
[EventType "swiss"]
[EventRounds "9"]
[EventCountry "RUS"]
[SourceTitle "CBM 136 Extra"]
[Source "ChessBase"]
[SourceDate "2010.07.02"]
[SourceVersion "2"]
[SourceVersionDate "2010.07.15"]
[SourceQuality "1"]

1. c4 e5 2. Nc3 Nf6 3. e4 Bc5 4. d3 d6 5. g3 Nc6 6. Bg2 Ng4 7. Nh3 h5 8. 0-0 h4 9. Ng5 hxg3 10. hxg3 Qf6 11. Nf3 Qg6 12. Nd5 Kd8 13. Qd2 Qh7 14. b4 Bd4 15. Rb1 f6 16. Qe2 Nh2 17. Rd1 Bg4 18. Ne3 Nxf3+ 19. Bxf3 Qh2+ 20. Kf1 Bh3+ 21. Ke1 Bc3+ 0-1

[Event "Nabereznye Chelny op 8th"]
[Site "Nabereznye Chelny"]
[Date "2010.01.26"]
[Round "8"]
[White "Litvinov, Maxim"]
[Black "Talipov, Nafis"]
[Result "0-1"]
[WhiteElo "1729"]
[BlackElo "2051"]
[PlyCount "71"]
[EventDate "2010.01.19"]
[EventType "swiss"]
[EventRounds "9"]
[EventCountry "RUS"]
[SourceTitle "CBM 134 Extra"]
[Source "ChessBase"]
[SourceDate "2010.03.03"]
[SourceVersion "1"]
[SourceVersionDate "2010.03.03"]
[SourceQuality "1"]

1. e4 g6 2. d4 Bg7 3. c3 d6 4. Bd3 Nf6 5. Nf3 Nbd7 6. Bg5 c6 7. 0-0 Qc7 8. Re1 e5 9. dxe5 dxe5 10. Nbd2 0-0 11. Qc2 h6 12. Bh4 Nc5 13. Bf1 Nh5 14. Nc4 b5 15. Ne3 f5 16. exf5 gxf5 17. b4 Ne4 18. Nd2 Nxd2 19. Qxd2 e4 20. Nc2 Be6 21. f3 Bd5 22. fxe4 Bxe4 23. Bd3 Rae8 24. Bxe4 fxe4 25. Rf1 Qe5 26. Rxf8+ Rxf8 27. Nd4 e3 28. Qc2 c5 29. bxc5 Qxc5 30. Ne6 Qxc3 31. Qxc3 Bxc3 32. Rc1 Bd2 33. Rc5 e2 34. Nxf8 Be3+ 35. Kh1 Bxc5 36. Be1 0-1

[Event "Nabereznye Chelny op 8th"]
[Site "Nabereznye Chelny"]
[Date "2010.01.22"]
[Round "4"]
[White "Ospennikov, Dmitry V"]
[Black "Talipov, Nafis"]
[Result "1-0"]
[WhiteElo "2266"]
[BlackElo "2051"]
[PlyCount "61"]
[EventDate "2010.01.19"]
[EventType "swiss"]
[EventRounds "9"]
[EventCountry "RUS"]
[SourceTitle "CBM 134 Extra"]
[Source "ChessBase"]
[SourceDate "2010.03.03"]
[SourceVersion "1"]
[SourceVersionDate "2010.03.03"]
[SourceQuality "1"]

1. e4 d6 2. d4 e5 3. Nf3 Nd7 4. Nc3 c6 5. a4 Be7 6. g3 Ngf6 7. Bg2 0-0 8. 0-0 Re8 9. h3 a5 10. Re1 Qc7 11. Kh2 Bf8 12. Bg5 h6 13. Be3 Nb6 14. Nd2 Be6 15. f4 Rad8 16. Qe2 Bc8 17. Qf2 Nbd7 18. Nc4 exd4 19. Bxd4 d5 20. exd5 cxd5 21. Nb6 Rxe1 22. Rxe1 Qd6 23. Nbxd5 Nxd5 24. Nxd5 Nc5 25. Be5 Qa6 26. Bc7 Rd7 27. Re8 b6 28. Bxb6 Ne6 29. f5 Ng5 30. Bc5 Nh7 31. Bxf8 1-0

[Event "Tatarstan-ch op"]
[Site "Kazan"]
[Date "2009.08.28"]
[Round "9"]
[White "Talipov, Nafis"]
[Black "Valieva, Rufina"]
[Result "1-0"]
[WhiteElo "2061"]
[BlackElo "1979"]
[PlyCount "83"]
[EventDate "2009.08.20"]
[EventType "swiss"]
[EventRounds "9"]
[EventCountry "RUS"]
[SourceTitle "EXT 2010"]
[Source "ChessBase"]
[SourceDate "2010.11.25"]
[SourceVersion "1"]
[SourceVersionDate "2010.11.25"]
[SourceQuality "1"]

1. d4 d5 2. Nf3 Nf6 3. Bg5 Nbd7 4. e3 g6 5. Bd3 Bg7 6. Nbd2 0-0 7. 0-0 b6 8. Re1 Bb7 9. Ne5 c5 10. c3 a5 11. Qe2 Qc8 12. f4 Re8 13. c4 Nf8 14. cxd5 Nxd5 15. e4 Nb4 16. Bc4 e6 17. Bb5 Bc6 18. Nxc6 Nxc6 19. dxc5 Nd4 20. Qc4 Nxb5 21. Qxb5 Bd4+ 22. Kh1 Bxc5 23. Nb3 Bb4 24. Red1 Qb7 25. Rd4 e5 26. fxe5 Ne6 27. Rd7 Qxe4 28. Bf6 Nf4 29. Qf1 Ne6 30. a3 Bf8 31. Rad1 Rac8 32. Qf2 Rc2 33. Qg3 Rxb2 34. R7d3 Nf4 35. Rf3 Nxg2 36. e6 Rxe6 37. Bxb2 Nh4 38. Nd2 Qe2 39. Rff1 Nf5 40. Qf2 Qb5 41. Ba1 Ne3 42. Qxf7# 1-0

[Event "Tatarstan-ch op"]
[Site "Kazan"]
[Date "2009.08.26"]
[Round "7"]
[White "Talipov, Nafis"]
[Black "Belova, Olga"]
[Result "0-1"]
[WhiteElo "2061"]
[BlackElo "1866"]
[PlyCount "78"]
[EventDate "2009.08.20"]
[EventType "swiss"]
[EventRounds "9"]
[EventCountry "RUS"]
[SourceTitle "EXT 2010"]
[Source "ChessBase"]
[SourceDate "2010.11.25"]
[SourceVersion "1"]
[SourceVersionDate "2010.11.25"]
[SourceQuality "1"]

1. d4 Nf6 2. Nf3 e6 3. Bg5 c5 4. c3 Be7 5. e3 b6 6. Bd3 Bb7 7. Nbd2 0-0 8. 0-0 d6 9. e4 Nbd7 10. Qc2 h6 11. Bh4 Rc8 12. Qd1 Nh5 13. Bg3 Nxg3 14. hxg3 cxd4 15. cxd4 e5 16. Re1 exd4 17. Nxd4 Bf6 18. N2f3 Ne5 19. Bb5 a6 20. Ba4 Nxf3+ 21. gxf3 Rc4 22. Nf5 Bxb2 23. Bb3 Rc7 24. Rb1 Bc3 25. Re3 Bc8 26. Nxd6 Rd7 27. Rxc3 Rxd6 28. Qc2 Bh3 29. e5 Rd2 30. Qe4 Rxf2 31. Rc2 Rd2 32. g4 b5 33. Re1 Rd4 34. Qf5 Qh4 35. Rec1 Qg3+ 36. Kh1 Rf4 37. Qd3 Rxf3 38. Bxf7+ Kh8 39. Qd4 R3xf7 0-1

[Event "Tatarstan-ch op"]
[Site "Kazan"]
[Date "2009.08.20"]
[Round "1"]
[White "Talipov, Nafis"]
[Black "Rodchenkov, Vitaly"]
[Result "0-1"]
[WhiteElo "2061"]
[BlackElo "2377"]
[PlyCount "80"]
[EventDate "2009.08.20"]
[EventType "swiss"]
[EventRounds "9"]
[EventCountry "RUS"]
[SourceTitle "EXT 2010"]
[Source "ChessBase"]
[SourceDate "2010.11.25"]
[SourceVersion "1"]
[SourceVersionDate "2010.11.25"]
[SourceQuality "1"]

1. c4 c5 2. Nc3 Nf6 3. g3 e6 4. Bg2 d5 5. cxd5 exd5 6. d3 d4 7. Ne4 Nxe4 8. Bxe4 Be7 9. Bg2 0-0 10. Nf3 Nc6 11. 0-0 Re8 12. e4 dxe3 13. Bxe3 Bg4 14. Qb3 Qd7 15. Rac1 b6 16. Qa4 Rad8 17. a3 Bxf3 18. Bxf3 Nd4 19. Qxd7 Nxf3+ 20. Kg2 Nh4+ 21. gxh4 Rxd7 22. Rfd1 Red8 23. Rc4 Rxd3 24. Rxd3 Rxd3 25. b4 Rd5 26. bxc5 bxc5 27. Kf3 f5 28. a4 Kf7 29. a5 Ke6 30. a6 Bd6 31. Rc2 f4 32. Bc1 Kf5 33. Rb2 Rd3+ 34. Ke2 Ra3 35. Rb7 f3+ 36. Kd1 Rxa6 37. Rxg7 Ra1 38. Rxh7 Bf4 39. Rh5+ Kg4 40. Rxc5 Kxh4 0-1

[Event "World School-ch U15 5th"]
[Site "Thessaloniki"]
[Date "2009.05.02"]
[Round "8"]
[White "Talipov, Nafis"]
[Black "Mammadov, Zaur Fazahir Oglu"]
[Result "0-1"]
[WhiteElo "2051"]
[BlackElo "2180"]
[PlyCount "86"]
[EventDate "2009.04.27"]
[EventType "swiss"]
[EventRounds "9"]
[EventCountry "GRE"]
[SourceTitle "CBM 130 Extra"]
[Source "ChessBase"]
[SourceDate "2009.07.02"]
[SourceVersion "2"]
[SourceVersionDate "2009.07.15"]
[SourceQuality "1"]

1. d4 Nf6 2. Nf3 d5 3. c4 c6 4. Qc2 dxc4 5. Qxc4 Bf5 6. Nc3 e6 7. g3 Be7 8. Bg2 0-0 9. 0-0 Nbd7 10. e3 Ne4 11. Bd2 c5 12. Nxe4 Bxe4 13. Bc3 Nb6 14. Qe2 c4 15. Ne5 Bxg2 16. Kxg2 Rc8 17. Rac1 Na4 18. e4 b5 19. Rfd1 b4 20. Be1 c3 21. bxc3 bxc3 22. d5 Qc7 23. Nc6 Bf6 24. Qg4 exd5 25. exd5 Nb2 26. Rd4 h5 27. Qf4 Qxf4 28. Rxf4 Nd3 29. Rxf6 gxf6 30. Rxc3 Nxe1+ 31. Kf1 Rc7 32. Kxe1 Rb8 33. Ke2 Rb5 34. Rd3 Rd7 35. Ke3 Kg7 36. Ke4 Rb2 37. Kd4 Rxf2 38. Kc5 Rc2+ 39. Kb5 Rxa2 40. d6 Rxh2 41. Nxa7 Rxa7 42. d7 Rxd7 43. Rxd7 Rh3 0-1

[Event "RUS-chB U14"]
[Site "Dagomys"]
[Date "2009.04.23"]
[Round "9"]
[White "Talipov, Nafis"]
[Black "Medvedev, Emelian"]
[Result "1/2-1/2"]
[WhiteElo "2051"]
[BlackElo "2057"]
[PlyCount "106"]
[EventDate "2009.04.15"]
[EventType "swiss"]
[EventRounds "9"]
[EventCountry "RUS"]
[SourceTitle "EXT 2010"]
[Source "ChessBase"]
[SourceDate "2010.11.25"]
[SourceVersion "1"]
[SourceVersionDate "2010.11.25"]
[SourceQuality "1"]

1. d4 d5 2. c4 e6 3. Nc3 c6 4. e3 Nd7 5. Bd3 Ngf6 6. Nf3 dxc4 7. Bxc4 b5 8. Bd3 Bb7 9. 0-0 a6 10. b3 c5 11. Bb2 Bd6 12. a4 cxd4 13. Nxd4 b4 14. Nb1 Nc5 15. Bc2 Qc7 16. h3 0-0 17. Nd2 Rfd8 18. Nc4 Bf8 19. Qe2 Nd5 20. Rfd1 Rac8 21. Rac1 g6 22. Nd2 Bg7 23. Ne4 Qe7 24. Nxc5 Rxc5 25. Be4 Rxc1 26. Rxc1 Nc3 27. Bxc3 Bxe4 28. Bb2 Qd6 29. f3 Bd5 30. Qc2 e5 31. Ne2 Be6 32. Ba1 Rc8 33. Qb2 Rxc1+ 34. Nxc1 Bh6 35. Kf2 f6 36. Ke2 Bg7 37. Nd3 a5 38. Qc2 Bf8 39. Bb2 Qd5 40. Nc1 Qd6 41. Qd3 Kf7 42. Qb5 Qc7 43. Qd3 Qd6 44. Qxd6 Bxd6 45. Kd3 f5 46. e4 f4 47. Kc2 Bc8 48. Nd3 Ke6 49. Bc1 g5 50. Bd2 h5 51. Be1 Kf6 52. Bf2 Bc7 53. Bc5 Ba6 1/2-1/2